000 00988nam a2200241 a 4500
001 70908
003 BD-RjUL
005 20211209082043.0
008 170422s2007 b a|||| |||| 00| 0 ben d
020 _a9840745557
_c :Tk. 155.00
035 _a(BD-RjUL)71122
040 _aBD-RjUL
_bben
_cBD-RjUL
_dBD-RjUL
041 _aben
082 _223
_a636.5068
_bMIP 2007
100 1 0 _aমিয়া, মো. আবদুর রাজ্জাক
_9126320
245 1 0 _aপোল্ট্রি ব্যবস্থাপনা = (Poultry management) /
_cমো. আবদুর রাজ্জাক মিয়া
260 _aঢাকা :
_bবাংলা একাডেমী,
_c২০০৭
300 _a২০০ পৃ. :
_bচিত্র ;
_c২৩ সেমি.
504 _aতথ্যপণ্জ্ঞি সংবলিত
650 _aপোল্ট্রি ব্যবস্থাপনা
_9209851
650 _aPoultry-- management
_9209852
942 _2ddc
_cBK
999 _c70908
_d70908